| 000 | 01614nam a2200301Ia 4500 | ||
|---|---|---|---|
| 999 |
_c4249 _d4249 |
||
| 003 | OSt | ||
| 005 | 20200702154921.0 | ||
| 008 | 191128s2017 ck fr 000 0 spa d | ||
| 020 | _a9789211219470 | ||
| 040 |
_aCO-JCMR _cCO-JCMR |
||
| 041 | 0 | _aspa | |
| 082 | 0 | 4 |
_a336.20 / _bG633c _223 |
| 100 | 1 |
_aGómez Sabaini, Juan Carlos, _eeditor _96517 |
|
| 245 | 1 | 0 |
_aConsensos y conflictos en la política tributaria de América Latina / _ceditor Juan Carlos Gómez Sabaini, Juan Pablo Jiménez y Ricardo Martner |
| 260 |
_aBogotá : _bCepal Naciones Unidas Cooperación española, _c2017 |
||
| 300 |
_a437 páginas ; _c22 cm. |
||
| 490 | 0 |
_aDesarrollo económico ; _v142 |
|
| 505 | 0 | _aLos ingresos tributarios en América Latina -- La tributación y sus efectos sobre la desigualdad -- Tributación, crecimiento e inversión -- Evasión tributaria e informalidad: los obstáculos principales -- Nuevos desafíos en materia tributaria | |
| 520 | 3 | _aEn este libro se destaca la importancia de la política tributaria como instrumento de desarrollo en los países de América Latina. A lo largo de esta publicación pueden identificarse una serie de consensos y conflictos que conviven en torno al diseño. | |
| 650 | 1 | 4 |
_aImpuestos _zAmérica Latina _96518 |
| 650 | 1 | 4 |
_aEvasión de impuestos _zAmérica Latina _96519 |
| 650 | 1 | 4 |
_a Evasión de impuestos _zCaribe (Región) _96520 |
| 650 | 1 | 4 |
_aImpuestos _zCaribe (Región) _96521 |
| 650 | 1 | 4 |
_aPolítica tributaria _zCaribe (Región) _96522 |
| 700 | 1 |
_aJiménez, Juan Pablo, _eeditor _96523 |
|
| 700 | 1 |
_aMartner, Ricardo, _eeditor _96524 |
|
| 942 |
_2ddc _cBK |
||